[Event "HUN-ch Rapid 2019"]
[Site "Ajka"]
[Date "2019.07.21"]
[Round "13.17"]
[White "Farago, Sandor"]
[Black "Kovacsy, Barnabas"]
[Result "1/2-1/2"]
[WhiteElo "2210"]
[BlackElo "2087"]
[Annotator "NA"]
[PlyCount "124"]
[EventDate "2019.07.18"]
[EventType "swiss"]
[EventCountry "HUN"]
[SourceTitle "playchess.com"]
[Source "ChessBase"]
[SourceQuality "1"]
[TimeControl "1200+5"]

1. e4 {[%emt 0:00:02]} c5 {[%emt 0:00:07]} 2. Nf3 {[%emt 0:00:02]} e6 {[%emt 0:00:02]} 3. d4 {[%emt 0:00:08]} cxd4 {[%emt 0:00:02]} 4. Nxd4 {[%emt 0:00:02]} Nc6 {[%emt 0:00:02]} 5. c4 {[%emt 0:00:09]} Nf6 {[%emt 0:00:02]} 6. Nc3 {[%emt 0:00:04]} Bb4 {[%emt 0:00:02]} 7. Nc2 {[%emt 0:01:38]} Bxc3+ {[%emt 0:01:01]} 8. bxc3 {[%emt 0:00:01]} O-O {[%emt 0:00:03]} 9. Bd3 {[%emt 0:00:23]} Qa5 {[%emt 0:00:44]} 10. Bd2 {[%emt 0:00:38]} Ne5 {[%emt 0:00:46]} 11. Qe2 {[%emt 0:00:05]} b6 {[%emt 0:00:22]} 12. O-O {[%emt 0:00:14]} Bb7 {[%emt 0:00:38]} 13. f3 {[%emt 0:00:20]} Rac8 {[%emt 0:00:22]} 14. Ne3 {[%emt 0:00:19]} Nxd3 {[%emt 0:00:35]} 15. Qxd3 {[%emt 0:00:03]} Ba6 {[%emt 0:00:04]} 16. Qd4 {[%emt 0:01:22]} d6 {[%emt 0:01:00]} 17. Rfb1 {[%emt 0:00:18]} Qc5 {[%emt 0:04:48]} 18. Rb4 {[%emt 0:00:07]} Bb7 {[%emt 0:00:37]} 19. a4 {[%emt 0:00:27]} a5 {[%emt 0:02:23]} 20. Rb5 {[%emt 0:00:15]} Qxd4 {[%emt 0:00:07]} 21. cxd4 {[%emt 0:00:01]} Nd7 {[%emt 0:00:32]} 22. Bxa5 {[%emt 0:01:13]} Ba6 {[%emt 0:00:12]} 23. Bb4 {[%emt 0:00:03]} Bxb5 {[%emt 0:00:10]} 24. axb5 {[%emt 0:00:35]} Ra8 {[%emt 0:00:32]} 25. Rc1 {[%emt 0:00:18]} Rfc8 {[%emt 0:00:43]} 26. Bxd6 {[%emt 0:00:07]} f6 {[%emt 0:00:25]} 27. c5 {[%emt 0:01:03]} bxc5 {[%emt 0:00:11]} 28. dxc5 {[%emt 0:00:02]} Kf7 {[%emt 0:00:57]} 29. c6 {[%emt 0:00:19]} Nb6 {[%emt 0:00:42]} 30. c7 {[%emt 0:00:22]} Ra7 {[%emt 0:00:46]} 31. Rc6 {[%emt 0:00:06]} Rb7 {[%emt 0:00:18]} 32. f4 {[%emt 0:00:49]} Na8 {[%emt 0:00:21]} 33. f5 {[%emt 0:00:27]} Rb6 {[%emt 0:00:15]} 34. Rxb6 {[%emt 0:00:28]} Nxb6 {[%emt 0:00:02]} 35. Bc5 {[%emt 0:00:01]} Nd7 {[%emt 0:00:13]} 36. Bd6 {[%emt 0:00:04]} Nb6 {[%emt 0:00:01]} 37. Bc5 {[%emt 0:00:22]} Nd7 {[%emt 0:00:02]} 38. Bd6 {[%emt 0:00:38]} Nb6 {[%emt 0:00:01]} 39. fxe6+ {[%emt 0:00:19]} Kxe6 {[%emt 0:00:03]} 40. Bg3 {[%emt 0:00:01]} Kd7 {[%emt 0:01:29]} 41. h4 {[%emt 0:00:47]} Re8 {[%emt 0:00:09]} 42. Nd5 {[%emt 0:00:07]} Nxd5 {[%emt 0:00:30]} 43. exd5 {[%emt 0:00:02]} Re2 {[%emt 0:00:08]} 44. b6 {[%emt 0:00:11]} Rb2 {[%emt 0:00:12]} 45. Bf2 {[%emt 0:00:03]} g5 {[%emt 0:00:26]} 46. Bd4 {[%emt 0:01:01]} Rb4 {[%emt 0:00:10]} 47. Bc5 {[%emt 0:00:14]} Rb5 {[%emt 0:00:06]} 48. Bd4 {[%emt 0:00:07]} Rxd5 {[%emt 0:00:03]} 49. Bxf6 {[%emt 0:00:05]} Rb5 {[%emt 0:00:16]} 50. Bd4 {[%emt 0:00:04]} gxh4 {[%emt 0:00:02]} 51. Kh2 {[%emt 0:00:01]} h5 {[%emt 0:00:08]} 52. Bf2 {[%emt 0:00:11]} Rb2 {[%emt 0:00:05]} 53. Be3 {[%emt 0:00:09]} h3 {[%emt 0:00:13]} 54. Bd4 {[%emt 0:00:43]} Rxg2+ 55. Kxh3 {[%emt 0:00:01]} Rg8 {[%emt 0:00:09]} 56. Bf6 {[%emt 0:00:16]} Kc8 {[%emt 0:00:09]} 57. Kh4 {[%emt 0:00:08]} Rg6 {[%emt 0:00:05]} 58. Be5 {[%emt 0:00:07]} Rxb6 {[%emt 0:00:02]} 59. Bg3 {[%emt 0:00:59]} Rb5 {[%emt 0:00:09]} 60. Bd6 {[%emt 0:00:07]} Rd5 {[%emt 0:00:03]} 61. Bg3 {[%emt 0:00:04]} Rd7 {[%emt 0:00:02]} 62. Kxh5 {[%emt 0:00:05]} Rxc7 {[%emt 0:00:01]} 1/2-1/2

[Event "HUN-ch Rapid 2019"]
[Site "Ajka"]
[Date "2019.07.21"]
[Round "13.18"]
[White "Finszter, Mate"]
[Black "Hoang, Thanh Trang"]
[Result "0-1"]
[WhiteElo "2276"]
[BlackElo "2414"]
[Annotator "NA"]
[PlyCount "72"]
[EventDate "2019.07.18"]
[EventType "swiss"]
[EventCountry "HUN"]
[SourceTitle "playchess.com"]
[Source "ChessBase"]
[SourceQuality "1"]
[TimeControl "1200+5"]

1. Nf3 {[%emt 0:00:21]} f5 {[%emt 0:00:02]} 2. d3 {[%emt 0:00:04]} Nc6 {[%emt 0:00:10]} 3. e4 {[%emt 0:00:17]} e5 {[%emt 0:00:07]} 4. exf5 {[%emt 0:00:59]} d5 {[%emt 0:03:02]} 5. d4 {[%emt 0:00:19]} e4 {[%emt 0:00:50]} 6. Ne5 {[%emt 0:00:33]} Nxe5 {[%emt 0:00:56]} 7. dxe5 {[%emt 0:00:02]} Bxf5 {[%emt 0:00:04]} 8. c4 {[%emt 0:03:14]} d4 {[%emt 0:00:38]} 9. g4 {[%emt 0:01:55]} Bg6 {[%emt 0:00:40]} 10. Bg2 {[%emt 0:00:32]} Bc5 {[%emt 0:02:49]} 11. O-O {[%emt 0:00:39]} Ne7 {[%emt 0:00:13]} 12. Bg5 {[%emt 0:01:37]} h6 {[%emt 0:03:35]} 13. Bh4 {[%emt 0:00:56]} d3 {[%emt 0:01:27]} 14. Nc3 {[%emt 0:01:45]} e3 {[%emt 0:00:14]} 15. fxe3 {[%emt 0:00:18]} Bxe3+ {[%emt 0:00:02]} 16. Kh1 {[%emt 0:00:17]} c6 {[%emt 0:00:14]} 17. Ne4 {[%emt 0:00:23]} Qd4 {[%emt 0:01:40]} 18. Nd6+ {[%emt 0:01:40]} Kd7 {[%emt 0:00:02]} 19. Bg3 {[%emt 0:00:34]} Rhf8 {[%emt 0:00:22]} 20. Qb3 {[%emt 0:00:18]} Qb6 {[%emt 0:01:15]} 21. Qd1 {[%emt 0:00:47]} Rxf1+ {[%emt 0:01:01]} 22. Qxf1 {[%emt 0:00:17]} Qd4 {[%emt 0:00:13]} 23. a4 {[%emt 0:01:49]} d2 {[%emt 0:00:03]} 24. g5 {[%emt 0:00:06]} hxg5 {[%emt 0:00:08]} 25. Bh3+ {[%emt 0:00:04]} g4 {[%emt 0:00:01]} 26. Bg2 {[%emt 0:00:23]} Bc2 {[%emt 0:00:33]} 27. e6+ {[%emt 0:01:05]} Kxe6 {[%emt 0:00:03]} 28. Rd1 {[%emt 0:00:23]} Bxd1 {[%emt 0:00:09]} 29. Qxd1 Rf8 {[%emt 0:00:32]} 30. c5 {[%emt 0:00:35]} Kd7 {[%emt 0:00:25]} 31. h4 {[%emt 0:00:10]} Nf5 {[%emt 0:00:08]} 32. Nxf5 {[%emt 0:00:05]} Rxf5 {[%emt 0:00:02]} 33. Kh2 {[%emt 0:00:06]} Bf2 {[%emt 0:00:16]} 34. Bxf2 {[%emt 0:00:07]} Qxf2 {[%emt 0:00:07]} 35. Qxg4 {[%emt 0:00:04]} Qf4+ {[%emt 0:00:01]} 36. Qxf4 {[%emt 0:00:08]} Rxf4 {[%emt 0:00:00]} 0-1

[Event "HUN-ch Rapid 2019"]
[Site "Ajka"]
[Date "2019.07.21"]
[Round "13.19"]
[White "Horvath, Tamas"]
[Black "Seres, Bela"]
[Result "1-0"]
[WhiteElo "2306"]
[BlackElo "2161"]
[Annotator "NA"]
[PlyCount "101"]
[EventDate "2019.07.18"]
[EventType "swiss"]
[EventCountry "HUN"]
[SourceTitle "playchess.com"]
[Source "ChessBase"]
[SourceQuality "1"]
[TimeControl "1200+5"]

1. e4 {[%emt 0:00:00]} c5 {[%emt 0:00:00]} 2. Nf3 {[%emt 0:00:02]} g6 {[%emt 0:00:00]} 3. c4 {[%emt 0:00:06]} Bg7 {[%emt 0:00:00]} 4. d4 {[%emt 0:00:01]} Qb6 {[%emt 0:00:01]} 5. Nc3 {[%emt 0:00:36]} cxd4 {[%emt 0:00:16]} 6. Nd5 {[%emt 0:00:03]} Qa5+ {[%emt 0:00:27]} 7. b4 {[%emt 0:00:15]} Qd8 {[%emt 0:00:02]} 8. Nxd4 {[%emt 0:00:35]} e6 {[%emt 0:00:18]} 9. Ne3 {[%emt 0:00:05]} Nc6 {[%emt 0:00:13]} 10. Nxc6 {[%emt 0:00:33]} dxc6 {[%emt 0:00:30]} 11. Qxd8+ {[%emt 0:00:14]} Kxd8 {[%emt 0:00:01]} 12. Rb1 {[%emt 0:00:04]} Bc3+ {[%emt 0:00:27]} 13. Bd2 {[%emt 0:00:13]} Bxd2+ {[%emt 0:00:17]} 14. Kxd2 {[%emt 0:00:02]} e5 {[%emt 0:00:23]} 15. Kc3 {[%emt 0:00:46]} Nf6 {[%emt 0:00:26]} 16. Bd3 {[%emt 0:00:04]} b6 {[%emt 0:01:06]} 17. Rhf1 {[%emt 0:00:54]} Be6 {[%emt 0:00:47]} 18. g3 {[%emt 0:00:27]} Bh3 {[%emt 0:01:59]} 19. Rfd1 {[%emt 0:01:00]} Ke7 {[%emt 0:00:01]} 20. f3 {[%emt 0:01:56]} h5 {[%emt 0:00:20]} 21. Bc2 {[%emt 0:00:23]} a6 {[%emt 0:00:12]} 22. c5 {[%emt 0:00:22]} b5 {[%emt 0:00:37]} 23. Rd6 {[%emt 0:00:23]} Rhc8 {[%emt 0:00:00]} 24. f4 {[%emt 0:00:38]} exf4 {[%emt 0:00:34]} 25. gxf4 {[%emt 0:00:08]} Ne8 {[%emt 0:00:01]} 26. Rd2 {[%emt 0:01:16]} Rd8 {[%emt 0:00:39]} 27. Rxd8 {[%emt 0:01:17]} Rxd8 {[%emt 0:00:07]} 28. a4 {[%emt 0:00:02]} Nc7 {[%emt 0:00:22]} 29. Ra1 {[%emt 0:00:26]} Ra8 {[%emt 0:00:37]} 30. a5 {[%emt 0:00:54]} Rd8 {[%emt 0:01:43]} 31. Bb3 {[%emt 0:02:34]} Be6 {[%emt 0:00:02]} 32. Bc2 {[%emt 0:00:02]} Bh3 {[%emt 0:01:48]} 33. Bb3 {[%emt 0:00:13]} Be6 {[%emt 0:01:08]} 34. Bd1 {[%emt 0:00:01]} f6 {[%emt 0:01:09]} 35. h4 {[%emt 0:00:12]} f5 {[%emt 0:00:51]} 36. Bf3 {[%emt 0:00:12]} fxe4 {[%emt 0:00:33]} 37. Bxe4 {[%emt 0:00:03]} Kf6 {[%emt 0:00:01]} 38. Bxc6 {[%emt 0:00:16]} Bf5 {[%emt 0:00:08]} 39. Rd1 {[%emt 0:00:23]} Rxd1 {[%emt 0:01:23]} 40. Nxd1 {[%emt 0:00:02]} Ne6 {[%emt 0:00:04]} 41. Bb7 {[%emt 0:00:33]} Nxf4 {[%emt 0:00:02]} 42. Bxa6 {[%emt 0:00:10]} Nd5+ {[%emt 0:00:54]} 43. Kb3 {[%emt 0:00:05]} Be6 44. Ka3 {[%emt 0:00:11]} Bd7 {[%emt 0:00:46]} 45. Bb7 {[%emt 0:00:09]} Ne7 {[%emt 0:00:01]} 46. Nc3 {[%emt 0:01:45]} Bc6 {[%emt 0:00:39]} 47. a6 {[%emt 0:00:26]} g5 {[%emt 0:01:24]} 48. Ne4+ {[%emt 0:00:17]} Kf5 {[%emt 0:00:01]} 49. Nxg5 {[%emt 0:00:01]} Kg4 {[%emt 0:00:01]} 50. Nf7 {[%emt 0:00:07]} Kxh4 {[%emt 0:00:09]} 51. Ne5 {[%emt 0:00:01]} 1-0

[Event "HUN-ch Rapid 2019"]
[Site "Ajka"]
[Date "2019.07.21"]
[Round "13.20"]
[White "Kiss, Pal"]
[Black "Szalanczi, Emil"]
[Result "0-1"]
[WhiteElo "2278"]
[BlackElo "2159"]
[Annotator "NA"]
[PlyCount "76"]
[EventDate "2019.07.18"]
[EventType "swiss"]
[EventCountry "HUN"]
[SourceTitle "playchess.com"]
[Source "ChessBase"]
[SourceQuality "1"]
[TimeControl "1200+5"]

1. d4 {[%emt 0:00:02]} Nf6 {[%emt 0:00:01]} 2. c4 {[%emt 0:00:03]} g6 {[%emt 0:00:01]} 3. Nc3 {[%emt 0:00:02]} d5 {[%emt 0:00:01]} 4. Bf4 {[%emt 0:00:05]} Bg7 {[%emt 0:00:05]} 5. e3 {[%emt 0:00:02]} O-O {[%emt 0:00:48]} 6. Rc1 {[%emt 0:00:06]} c5 {[%emt 0:00:04]} 7. dxc5 {[%emt 0:00:03]} Qa5 {[%emt 0:00:27]} 8. cxd5 {[%emt 0:00:07]} Nbd7 {[%emt 0:00:25]} 9. a3 {[%emt 0:02:12]} Ne4 {[%emt 0:01:01]} 10. Nge2 {[%emt 0:00:35]} Ndxc5 {[%emt 0:00:44]} 11. f3 {[%emt 0:01:33]} Nxc3 {[%emt 0:00:55]} 12. Nxc3 {[%emt 0:00:06]} Na4 {[%emt 0:00:23]} 13. Qd2 {[%emt 0:00:54]} Nxc3 {[%emt 0:00:38]} 14. bxc3 {[%emt 0:00:02]} Qxa3 {[%emt 0:00:54]} 15. Be2 {[%emt 0:01:17]} Bd7 {[%emt 0:00:29]} 16. Kf2 {[%emt 0:00:17]} Rfc8 {[%emt 0:00:54]} 17. c4 {[%emt 0:00:24]} Qc5 {[%emt 0:00:18]} 18. Rb1 {[%emt 0:00:21]} b6 {[%emt 0:00:07]} 19. Qb4 {[%emt 0:00:23]} Qxb4 {[%emt 0:02:12]} 20. Rxb4 {[%emt 0:00:02]} Rc5 {[%emt 0:00:01]} 21. e4 {[%emt 0:01:39]} Ra5 {[%emt 0:00:22]} 22. Be3 {[%emt 0:00:35]} Ra2 {[%emt 0:00:12]} 23. Rc1 {[%emt 0:00:41]} Rc8 {[%emt 0:00:36]} 24. Kf1 {[%emt 0:01:16]} f5 {[%emt 0:00:09]} 25. c5 {[%emt 0:00:36]} bxc5 {[%emt 0:00:24]} 26. Rb7 {[%emt 0:00:52]} Be8 {[%emt 0:00:23]} 27. Rxc5 {[%emt 0:02:01]} Rxc5 {[%emt 0:00:53]} 28. Bxc5 {[%emt 0:00:02]} a5 {[%emt 0:01:11]} 29. Rxe7 {[%emt 0:01:32]} Ba4 {[%emt 0:00:03]} 30. d6 {[%emt 0:00:33]} Rc2 {[%emt 0:00:49]} 31. Ba3 {[%emt 0:01:05]} Bf6 {[%emt 0:03:08]} 32. Rc7 {[%emt 0:00:22]} fxe4 {[%emt 0:01:28]} 33. fxe4 {[%emt 0:00:32]} Kh8 {[%emt 0:00:45]} 34. h3 {[%emt 0:00:46]} Ra2 {[%emt 0:00:17]} 35. Bc5 {[%emt 0:00:39]} Be5 {[%emt 0:01:07]} 36. Re7 {[%emt 0:00:29]} Bf6 {[%emt 0:00:06]} 37. Ra7 {[%emt 0:00:09]} Rd2 {[%emt 0:00:38]} 38. Bc4 {[%emt 0:00:11]} Rc2 0-1